Dialéctica de la democracia
Gespeichert in:
| 1. Verfasser: | |
|---|---|
| Format: | Buch |
| Sprache: | Spanisch |
| Veröffentlicht: |
Bogotá
Cruz del Sur
1971
|
| Schlagworte: | |
| Tags: |
Tag hinzufügen
Keine Tags, Fügen Sie den ersten Tag hinzu!
|
MARC
| LEADER | 00000nam a2200000 a 4500 | ||
|---|---|---|---|
| 001 | UCO0258 | ||
| 003 | CL-VaPUC | ||
| 008 | 000420e19710000CK |||||||||||||||||spa|d | ||
| 082 | 0 | 4 | |a 321.8 |b GAR |2 21 |
| 100 | |a García Nossa, Antonio |e author |9 441398 | ||
| 245 | 1 | 0 | |a Dialéctica de la democracia |
| 300 | |a 334 p | ||
| 942 | |c BK | ||
| 945 | |d 20000420 00:00:00 |a crobeson | ||
| 260 | |a Bogotá |b Cruz del Sur |c 1971 | ||
| 650 | 0 | |a Democracia |9 255256 | |
| 650 | 7 | |a TEORIA POLITICA |2 CL-VaPUC |9 441399 | |
| 650 | 7 | |a SISTEMAS POLITICOS |2 CL-VaPUC |9 441400 | |
| 583 | |a last modification |c 20000420 00:00:00 |k Rodrigo Vera | ||
| 999 | |c 286973 |d 286971 | ||
| 952 | |0 0 |1 0 |4 0 |6 321_800000000000000_GAR_1971 |7 0 |8 A |9 333261 |a BIBHIS |b BIBHIS |d 2019-11-20 |i 1270141 |o 321.8 GAR 1971 |p 1270141 |r 2025-01-20 |w 2019-11-20 |y BK |k HIS | ||